000 00615nam a22002297a 4500
003 UA-OsUOA
001 100756
007 ta
008 20130530b un ||||| |||| 00| 0 ukr d
100 _aФурманов Д.
090 _a821.161.1
_bФ95
942 _cBK
040 _aUA-OsUOA
_brus
_cUA-OsUOA
_dUA-OsUOA
245 _aЧапаєв
_bроман
300 _a337 с.
955 _a3
041 _arus
080 _a821.161.1
260 _aМ.
_bХудожественная литература
_c1967
650 7 _a82 Література. Літературознавство
_2UDC
999 _c387006
_d387006